| 000 | 00915nmc a2200337 a 4500 | ||
|---|---|---|---|
| 003 | AR-BaBNM | ||
| 005 | 20251128210510.0 | ||
| 008 | 160020s1999 ||||||||||||||000 | spa|| | ||
| 020 | _a987-9048-10-5 | ||
| 040 | _cAR-BaBNM | ||
| 100 | 1 | _aRosas, Juan Manuel de | |
| 245 | 1 | 0 | _aInstrucciones a los mayordomos de estancias |
| 250 | _a4ª ed. | ||
| 260 |
_aBuenos Aires _bEdiciones Theoría _c1999 |
||
| 300 | 0 | _a94 p. | |
| 490 | 0 | _aBiblioteca de estudios históricos | |
| 500 | 0 | _aContiene una cronología para consultar | |
| 650 | 4 | _aHISTORIA ARGENTINA | |
| 650 | 4 | _aROSAS Y SU TIEMPO | |
| 650 | 4 | _aHISTORIA ECONOMICA | |
| 650 | 4 | _aGANADO | |
| 650 | 4 | _aGANADERIA | |
| 650 | 4 | _aCABALLOS | |
| 650 | 4 | _aAGRICULTURA | |
| 650 | 4 | _aHISTORIA DE BUENOS AIRES | |
| 653 | 0 | _aESTANCIAS | |
| 700 | 1 | _aAngelis, Pedro de | |
| 700 | 1 |
_aChávez, Fermín _eprologuista |
|
| 942 | _cBK | ||
| 998 | _cMariana | ||
| 999 |
_c15693 _d15693 |
||